[Event "SVK-chT2A 1415"]
[Site "Slovakia"]
[Date "2014.12.06"]
[Round "5.4"]
[White "Puchart, Vladimir"]
[Black "Lukac, Tomas"]
[Result "0-1"]
[WhiteElo "2031"]
[BlackElo "2049"]
[PlyCount "58"]
[EventDate "2014.10.11"]
[EventType "team-tourn"]
[EventRounds "11"]
[EventCountry "SVK"]
[SourceTitle "EXT 2016"]
[Source "ChessBase"]
[SourceDate "2015.10.08"]
[SourceVersion "1"]
[SourceVersionDate "2015.10.08"]
[SourceQuality "1"]
[WhiteTeam "Trnava Lokomotiva II"]
[BlackTeam "Trnava Modranka"]
[WhiteTeamCountry "SVK"]
[BlackTeamCountry "SVK"]

1. d4 Nf6 2. c4 e6 3. g3 d5 4. Bg2 Bb4+ 5. Bd2 Be7 6. Nc3 dxc4 7. Qa4+ Bd7 8. Qxc4 Bc6 9. Bxc6+ Nxc6 10. Nf3 0-0 11. 0-0 Nd7 12. Rfd1 Nb6 13. Qd3 Bf6 14. Ne4 h6 15. Rac1 e5 16. Nxf6+ Qxf6 17. dxe5 Nxe5 18. Nxe5 Qxe5 19. Bc3 Qe6 20. b3 Rfe8 21. Rd2 c6 22. Qd4 f6 23. Rcd1 Nd5 24. Ba1 Qf5 25. Re1 Re4 26. Qd3 Qe6 27. f3 Re3 28. Qc4 Re8 29. Kf2 Rxf3+ 0-1

[Event "SVK-chT2A 1415"]
[Site "Slovakia"]
[Date "2014.11.08"]
[Round "3.4"]
[White "Lukac, Tomas"]
[Black "Janos, Jozef"]
[Result "1/2-1/2"]
[WhiteElo "2049"]
[BlackElo "2151"]
[PlyCount "91"]
[EventDate "2014.10.11"]
[EventType "team-tourn"]
[EventRounds "11"]
[EventCountry "SVK"]
[SourceTitle "EXT 2016"]
[Source "ChessBase"]
[SourceDate "2015.10.08"]
[SourceVersion "1"]
[SourceVersionDate "2015.10.08"]
[SourceQuality "1"]
[WhiteTeam "Trnava Modranka"]
[BlackTeam "Bratislava DP"]
[WhiteTeamCountry "SVK"]
[BlackTeamCountry "SVK"]

1. d4 Nf6 2. c4 g6 3. Nc3 Bg7 4. e4 d6 5. Nf3 0-0 6. h3 e5 7. dxe5 dxe5 8. Be3 Nc6 9. Be2 Be6 10. 0-0 h6 11. Re1 Kh7 12. Qa4 Nd7 13. Rad1 Qc8 14. c5 Re8 15. Bb5 Ndb8 16. Re2 Rf8 17. Bc4 Bxc4 18. Qxc4 Nd8 19. Nh2 Ne6 20. Nd5 c6 21. Nc3 Nd7 22. Red2 Nf6 23. Nf3 Nh5 24. b4 Nhf4 25. Na4 Qe8 26. Qc2 Qe7 27. Bxf4 Nxf4 28. Rd7 Qf6 29. R1d6 Ne6 30. Rxb7 Rfb8 31. Rxb8 Rxb8 32. a3 Rc8 33. Nb2 Qf4 34. Nc4 Nd4 35. Nxd4 exd4 36. Na5 Be5 37. Rxc6 Qh2+ 38. Kf1 Rd8 39. Qd3 Qh1+ 40. Ke2 Qxg2 41. Nb7 Rd7 42. Nd6 Qh1 43. Qf3 Qb1 44. Qd3 Qb2+ 45. Kf1 Qc1+ 46. Ke2 1/2-1/2

[Event "Bratislava Slovan op"]
[Site "Bratislava"]
[Date "2014.05.02"]
[Round "8"]
[White "Gabris, Ondrej"]
[Black "Lukac, Tomas"]
[Result "1-0"]
[WhiteElo "2247"]
[BlackElo "2014"]
[PlyCount "65"]
[EventDate "2014.04.26"]
[EventType "swiss"]
[EventRounds "9"]
[EventCountry "SVK"]
[SourceTitle "CBM 160 Extra"]
[Source "ChessBase"]
[SourceDate "2014.07.01"]
[SourceVersion "1"]
[SourceVersionDate "2014.07.01"]
[SourceQuality "1"]

1. e4 c5 2. Nc3 Nc6 3. f4 g6 4. Nf3 Bg7 5. Bb5 Nd4 6. 0-0 a6 7. Bc4 d6 8. h3 e6 9. d3 Ne7 10. Nxd4 cxd4 11. Ne2 0-0 12. Bb3 Bd7 13. Qe1 Kh8 14. Qf2 Nc6 15. g4 f5 16. exf5 exf5 17. g5 Be8 18. Bd5 Qb6 19. c3 Qc5 20. Bc4 Bf7 21. b4 Qa7 22. Nxd4 Nxd4 23. Be3 Rae8 24. Bxd4 Bxd4 25. cxd4 Qb6 26. a3 Kg7 27. Rac1 Re7 28. Bxf7 Kxf7 29. Rfe1 Rfe8 30. Qa2+ Kf8 31. Rxe7 Kxe7 32. Re1+ Kd7 33. Qf7+ 1-0

[Event "Bratislava Slovan op"]
[Site "Bratislava"]
[Date "2014.04.27"]
[Round "3"]
[White "Liptak, Tomas"]
[Black "Lukac, Tomas"]
[Result "1/2-1/2"]
[WhiteElo "2186"]
[BlackElo "2014"]
[PlyCount "121"]
[EventDate "2014.04.26"]
[EventType "swiss"]
[EventRounds "9"]
[EventCountry "SVK"]
[SourceTitle "CBM 160 Extra"]
[Source "ChessBase"]
[SourceDate "2014.07.01"]
[SourceVersion "1"]
[SourceVersionDate "2014.07.01"]
[SourceQuality "1"]

1. e4 c5 2. Nf3 a6 3. c4 Nc6 4. Nc3 d6 5. d4 cxd4 6. Nxd4 Nf6 7. Be2 g6 8. Be3 Bg7 9. 0-0 0-0 10. Rc1 Nxd4 11. Bxd4 Bd7 12. Qd2 Bc6 13. f3 Nd7 14. Be3 Rc8 15. Rfd1 Re8 16. Nd5 a5 17. b3 Nc5 18. Bg5 Rb8 19. Be3 b6 20. Bf1 Qd7 21. Qf2 Qb7 22. Qh4 Rbd8 23. Rc2 Rd7 24. Rcd2 b5 25. Qf2 Rc8 26. Kh1 Bxd5 27. Rxd5 bxc4 28. Bxc4 Rdc7 29. Qe2 Qb8 30. Bb5 h5 31. g3 Rb7 32. Bc4 Rbc7 33. R5d2 Qb4 34. Rc2 a4 35. Bd2 Qb6 36. b4 Ne6 37. Bxe6 Rxc2 38. Bxc8 Rxc8 39. Qd3 Qd4 40. Qxd4 Bxd4 41. Rc1 Rxc1+ 42. Bxc1 Kf8 43. Kg2 Ke8 44. Kf1 Kd7 45. Ke2 Kc6 46. Kd3 Bg1 47. h3 Kb5 48. Bd2 Bb6 49. Bc3 e6 50. Bd2 f5 51. exf5 exf5 52. g4 hxg4 53. hxg4 d5 54. a3 fxg4 55. fxg4 Kc6 56. Be3 Bd8 57. Bd4 Kb5 58. Be3 Bf6 59. Bd4 Bd8 60. Bc5 Bf6 61. Bd4 1/2-1/2

[Event "Bratislava Slovan op"]
[Site "Bratislava"]
[Date "2014.04.26"]
[Round "1"]
[White "Dinzik, Jan"]
[Black "Lukac, Tomas"]
[Result "0-1"]
[WhiteElo "1548"]
[BlackElo "2014"]
[PlyCount "60"]
[EventDate "2014.04.26"]
[EventType "swiss"]
[EventRounds "9"]
[EventCountry "SVK"]
[SourceTitle "CBM 160 Extra"]
[Source "ChessBase"]
[SourceDate "2014.07.01"]
[SourceVersion "1"]
[SourceVersionDate "2014.07.01"]
[SourceQuality "1"]

1. d4 d5 2. e3 Nf6 3. c4 e6 4. a3 c5 5. dxc5 Bxc5 6. b4 Be7 7. c5 0-0 8. Bb2 a5 9. Bd3 b6 10. Qc2 bxc5 11. bxc5 Ba6 12. Nd2 Bxd3 13. Qxd3 Bxc5 14. Ngf3 Nbd7 15. Rc1 Qe7 16. 0-0 Rab8 17. Rc2 Rb7 18. a4 Bb4 19. Nb3 e5 20. Qf5 Re8 21. h4 Qe6 22. Qxe6 Rxe6 23. Rc8+ Bf8 24. Rc3 d4 25. exd4 Nd5 26. Nc5 Nxc5 27. dxc5 Rxb2 28. Rcc1 f6 29. c6 Nc7 30. Ne1 Rb6 0-1

[Event "SVK-chT3A2 1314"]
[Site "Slovakia"]
[Date "2014.02.16"]
[Round "9.5"]
[White "Vogl, Zdenek"]
[Black "Lukac, Tomas"]
[Result "1/2-1/2"]
[WhiteElo "1899"]
[BlackElo "2016"]
[PlyCount "82"]
[EventDate "2013.10.13"]
[EventType "team-tourn"]
[EventRounds "11"]
[EventCountry "SVK"]
[SourceTitle "EXT 2015"]
[Source "ChessBase"]
[SourceDate "2014.11.20"]
[SourceVersion "1"]
[SourceVersionDate "2014.11.20"]
[SourceQuality "1"]
[WhiteTeam "Skalica"]
[BlackTeam "Trnava Modranka"]
[WhiteTeamCountry "SVK"]
[BlackTeamCountry "SVK"]

1. e4 c5 2. Nf3 Nc6 3. d4 cxd4 4. Nxd4 Nf6 5. Nc3 e5 6. Nxc6 bxc6 7. Bd3 Bc5 8. 0-0 0-0 9. Bg5 Rb8 10. Rb1 Be7 11. Kh1 Qc7 12. h3 d6 13. Ne2 d5 14. Bxf6 Bxf6 15. c3 Rd8 16. Qc2 h6 17. Ng3 Be6 18. b3 Bh4 19. Rbd1 Bxg3 20. fxg3 d4 21. Rf3 Qa5 22. cxd4 Rxd4 23. Rdf1 Rbd8 24. Bc4 Rd2 25. Qc1 Qxa2 26. Rg1 Rc2 27. Bxe6 Rxc1 28. Bxf7+ Kh7 29. Rxc1 Rd6 30. Rfc3 Qf2 31. Bh5 g6 32. Bf3 h5 33. Rc5 Qxg3 34. Ra5 Rf6 35. Rxa7+ Kh6 36. Rf1 Kg5 37. Ra6 h4 38. Ra4 Rd6 39. Rc4 Rf6 40. Rc5 Kh6 41. Rc2 Kg5 1/2-1/2

[Event "Brezova op"]
[Site "Brezova pod Bradlom"]
[Date "2010.08.24"]
[Round "3"]
[White "Bednar, Marcel"]
[Black "Lukac, Tomas"]
[Result "1/2-1/2"]
[WhiteElo "2229"]
[BlackElo "1980"]
[PlyCount "33"]
[EventDate "2010.08.22"]
[EventType "swiss"]
[EventRounds "9"]
[EventCountry "SVK"]
[SourceTitle "CBM 138 Extra"]
[Source "ChessBase"]
[SourceDate "2010.10.29"]
[SourceVersion "1"]
[SourceVersionDate "2010.10.29"]
[SourceQuality "1"]

1. Nf3 Nf6 2. c4 c5 3. Nc3 d5 4. cxd5 Nxd5 5. e4 Nxc3 6. bxc3 g6 7. Rb1 Bg7 8. d4 0-0 9. Be3 cxd4 10. cxd4 Qa5+ 11. Qd2 Qxd2+ 12. Kxd2 Rd8 13. Be2 Nc6 14. d5 e6 15. Bg5 f6 16. Ke1 exd5 17. exd5 1/2-1/2

[Event "Brezova op"]
[Site "Brezova pod Bradlom"]
[Date "2010.08.24"]
[Round "4"]
[White "Lukac, Tomas"]
[Black "Haring, Viktor"]
[Result "1/2-1/2"]
[WhiteElo "1980"]
[BlackElo "1851"]
[PlyCount "85"]
[EventDate "2010.08.22"]
[EventType "swiss"]
[EventRounds "9"]
[EventCountry "SVK"]
[SourceTitle "CBM 138 Extra"]
[Source "ChessBase"]
[SourceDate "2010.10.29"]
[SourceVersion "1"]
[SourceVersionDate "2010.10.29"]
[SourceQuality "1"]

1. Nf3 Nf6 2. d4 d5 3. c4 c6 4. cxd5 cxd5 5. Bf4 e6 6. e3 Nc6 7. Bd3 Bd6 8. Bg5 Be7 9. 0-0 0-0 10. Nc3 h6 11. Bxf6 Bxf6 12. Rc1 Bd7 13. Bb1 Be7 14. Ne2 f5 15. Nf4 Bd6 16. Ng6 Rf6 17. Nge5 Bxe5 18. Nxe5 Nxe5 19. dxe5 Rf8 20. Qd4 Bb5 21. Rfd1 Qb6 22. Qxb6 axb6 23. Rc7 Bc6 24. Re7 Rfe8 25. Rxe8+ Rxe8 26. Kf1 Kf7 27. g3 Rc8 28. Ke2 Ba4 29. b3 Bb5+ 30. Kd2 Ke7 31. Rc1 Rc5 32. b4 Rxc1 33. Kxc1 Kd7 34. Kc2 Kc6 35. Kc3 g5 36. Bc2 Kc7 37. Bd1 Kd8 38. a4 Be8 39. a5 Kc7 40. axb6+ Kxb6 41. Be2 Bf7 42. Kd4 g4 43. Kc3 1/2-1/2

[Event "SVK-chT3A2 0910"]
[Site "Slovakia"]
[Date "2010.03.14"]
[Round "10.1"]
[White "Kocmal, Jaroslav"]
[Black "Lukac, Tomas"]
[Result "1/2-1/2"]
[WhiteElo "2031"]
[BlackElo "1932"]
[PlyCount "34"]
[EventDate "2009.10.18"]
[EventType "team-tourn"]
[EventRounds "11"]
[EventCountry "SVK"]
[SourceTitle "EXT 2011"]
[Source "ChessBase"]
[SourceDate "2010.11.26"]
[SourceVersion "1"]
[SourceVersionDate "2010.11.26"]
[SourceQuality "1"]
[WhiteTeam "Trnava III"]
[BlackTeam "Skalica II"]
[WhiteTeamCountry "SVK"]
[BlackTeamCountry "SVK"]

1. d4 e6 2. c4 f5 3. Nc3 Nf6 4. g3 d5 5. Bg2 c6 6. Nf3 Bd6 7. 0-0 Nbd7 8. b3 0-0 9. Bb2 Qe8 10. Qc2 Ne4 11. Ne1 Qh5 12. Nd3 Rf6 13. Bc1 g5 14. Bf3 Qh3 15. Bg2 Qh5 16. Bf3 Qh3 17. Bg2 Qh5 1/2-1/2

[Event "SVK-chT3A2 0910"]
[Site "Slovakia"]
[Date "2009.12.13"]
[Round "5.1"]
[White "Mihalik, Marek"]
[Black "Lukac, Tomas"]
[Result "1/2-1/2"]
[WhiteElo "2090"]
[BlackElo "1932"]
[PlyCount "56"]
[EventDate "2009.10.18"]
[EventType "team-tourn"]
[EventRounds "11"]
[EventCountry "SVK"]
[SourceTitle "EXT 2011"]
[Source "ChessBase"]
[SourceDate "2010.11.26"]
[SourceVersion "1"]
[SourceVersionDate "2010.11.26"]
[SourceQuality "1"]
[WhiteTeam "Piestany Kupele II"]
[BlackTeam "Skalica II"]
[WhiteTeamCountry "SVK"]
[BlackTeamCountry "SVK"]

1. d4 d5 2. c4 c6 3. Nf3 Nf6 4. cxd5 cxd5 5. Nc3 e6 6. Bg5 Be7 7. e3 Nc6 8. Rc1 Bd7 9. Bd3 Qb6 10. Qe2 Rc8 11. 0-0 0-0 12. Bb1 Rfd8 13. Rfd1 h6 14. Bh4 Nh7 15. Bxe7 Nxe7 16. Ne5 Nf8 17. b3 Be8 18. Qb2 Qd6 19. Ne2 Nc6 20. Nxc6 Bxc6 21. Nf4 Bb5 22. a4 Be8 23. g3 a5 24. Rc3 b6 25. Rdc1 Bd7 26. Nd3 f6 27. Ne1 Rxc3 28. Rxc3 Rc8 1/2-1/2

[Event "SVK-chT2A 0910"]
[Site "Slovakia"]
[Date "2009.11.08"]
[Round "4.7"]
[White "Szollos, Ondrej"]
[Black "Lukac, Tomas"]
[Result "1-0"]
[WhiteElo "2088"]
[BlackElo "1932"]
[PlyCount "65"]
[EventDate "2009.10.10"]
[EventType "team-tourn"]
[EventRounds "11"]
[EventCountry "SVK"]
[SourceTitle "EXT 2011"]
[Source "ChessBase"]
[SourceDate "2010.11.26"]
[SourceVersion "1"]
[SourceVersionDate "2010.11.26"]
[SourceQuality "1"]
[WhiteTeam "Devinska Nova Ves"]
[BlackTeam "Trnava Modranka"]
[WhiteTeamCountry "SVK"]
[BlackTeamCountry "SVK"]

1. e4 c5 2. c3 d5 3. Qc2 dxe4 4. Qxe4 Qc7 5. Nf3 Nf6 6. Qe5 Qxe5+ 7. Nxe5 Nbd7 8. Nf3 e6 9. Be2 b6 10. Na3 a6 11. 0-0 Bb7 12. Nc4 Rc8 13. d3 b5 14. Na5 Bd5 15. c4 bxc4 16. dxc4 Ba8 17. Bf4 Nh5 18. Bd2 Bd6 19. g3 Nhf6 20. Rad1 Ne5 21. Nxe5 Bxe5 22. Bc1 Ke7 23. Nb3 h5 24. Be3 Nd7 25. Rd2 h4 26. Rfd1 Rc7 27. g4 g6 28. h3 Rhc8 29. g5 Nb6 30. f4 Bd4 31. Nxd4 cxd4 32. Bxd4 Nxc4 33. Bf6+ 1-0

[Event "SVK-chT3A2 0910"]
[Site "Slovakia"]
[Date "2009.10.18"]
[Round "1.1"]
[White "Lukac, Tomas"]
[Black "Meszaros, Lorant"]
[Result "1-0"]
[WhiteElo "1932"]
[BlackElo "2119"]
[PlyCount "77"]
[EventDate "2009.10.18"]
[EventType "team-tourn"]
[EventRounds "11"]
[EventCountry "SVK"]
[SourceTitle "EXT 2011"]
[Source "ChessBase"]
[SourceDate "2010.11.26"]
[SourceVersion "1"]
[SourceVersionDate "2010.11.26"]
[SourceQuality "1"]
[WhiteTeam "Skalica II"]
[BlackTeam "Potonska Veza"]
[WhiteTeamCountry "SVK"]
[BlackTeamCountry "SVK"]

1. e4 c5 2. Nf3 a6 3. c3 d5 4. exd5 Qxd5 5. d4 Nc6 6. dxc5 Qxd1+ 7. Kxd1 Bg4 8. Be3 Bxf3+ 9. gxf3 g6 10. Nd2 Bg7 11. Kc2 Nf6 12. Rd1 0-0 13. Ne4 Rfd8 14. Nxf6+ Bxf6 15. Be2 Kf8 16. f4 e6 17. Rxd8+ Bxd8 18. Rd1 Ke7 19. b4 Bc7 20. Bf3 e5 21. fxe5 Bxe5 22. Re1 Kd7 23. Bd4 Bxh2 24. Rh1 Bf4 25. Rxh7 Ke6 26. Kd3 Rd8 27. Kc4 Bd2 28. Rh4 Rd7 29. Re4+ Kf5 30. Bg4+ Kxe4 31. Bxd7 Be1 32. Be8 g5 33. Bxf7 Ne7 34. Bf6 Nf5 35. Bxg5 Bxf2 36. Bd5+ Ke5 37. Bxb7 a5 38. b5 Ng7 39. Bd8 1-0

[Event "SVK-chT2A 0910"]
[Site "Slovakia"]
[Date "2009.10.10"]
[Round "1.6"]
[White "Lukac, Tomas"]
[Black "Lauf, Pavol"]
[Result "1/2-1/2"]
[WhiteElo "1932"]
[BlackElo "2140"]
[PlyCount "68"]
[EventDate "2009.10.10"]
[EventType "team-tourn"]
[EventRounds "11"]
[EventCountry "SVK"]
[SourceTitle "EXT 2011"]
[Source "ChessBase"]
[SourceDate "2010.11.26"]
[SourceVersion "1"]
[SourceVersionDate "2010.11.26"]
[SourceQuality "1"]
[WhiteTeam "Trnava Modranka"]
[BlackTeam "Bratislava Slavia STU"]
[WhiteTeamCountry "SVK"]
[BlackTeamCountry "SVK"]

1. e4 g6 2. d4 Bg7 3. Nc3 d6 4. Nf3 Nd7 5. Bc4 h6 6. Be3 e5 7. dxe5 dxe5 8. h3 c6 9. Qd6 Qe7 10. 0-0-0 Ngf6 11. Qxe7+ Kxe7 12. a4 b6 13. Rhe1 Ne8 14. Kb1 Nd6 15. Nd2 Rd8 16. b3 Nf8 17. Na2 Nxc4 18. Nxc4 Be6 19. Nb4 Rxd1+ 20. Rxd1 Bd7 21. c3 Ne6 22. Kc2 f6 23. f3 Bf8 24. a5 b5 25. Nb2 Ke8 26. N2d3 Kd8 27. Na6 Ke8 28. b4 Bc8 29. Nac5 a6 30. Nxe6 Bxe6 31. Bc5 Bg7 32. Bb6 Bf8 33. Bc5 Bg7 34. Bb6 Bf8 1/2-1/2

[Event "Brezova op"]
[Site "Brezova pod Bradlom"]
[Date "2009.08.28"]
[Round "8"]
[White "Lukac, Tomas"]
[Black "Vacek, Ondrej"]
[Result "1/2-1/2"]
[WhiteElo "1932"]
[BlackElo "2155"]
[PlyCount "34"]
[EventDate "2009.08.22"]
[EventType "swiss"]
[EventRounds "9"]
[EventCountry "SVK"]
[SourceTitle "CBM 132 Extra"]
[Source "ChessBase"]
[SourceDate "2009.11.03"]
[SourceVersion "1"]
[SourceVersionDate "2009.11.03"]
[SourceQuality "1"]

1. e4 c6 2. d4 d5 3. exd5 cxd5 4. Bd3 Nc6 5. c3 Qc7 6. Ne2 Bg4 7. 0-0 e6 8. f3 Bh5 9. Bf4 Bd6 10. Qd2 Bg6 11. Bg3 Nge7 12. Na3 a6 13. Nc2 Rc8 14. Ne3 0-0 15. Bxd6 Qxd6 16. f4 Qd7 17. Ng3 Bxd3 1/2-1/2

[Event "SVK-chT3A2 0809"]
[Site "Slovakia"]
[Date "2009.03.08"]
[Round "9.3"]
[White "Hanzluvka, Peter"]
[Black "Lukac, Tomas"]
[Result "1/2-1/2"]
[WhiteElo "2038"]
[BlackElo "1824"]
[PlyCount "56"]
[EventDate "2008.10.19"]
[EventType "team-tourn"]
[EventRounds "11"]
[EventCountry "SVK"]
[SourceTitle "EXT 2010"]
[Source "ChessBase"]
[SourceDate "2010.11.25"]
[SourceVersion "1"]
[SourceVersionDate "2010.11.25"]
[SourceQuality "1"]
[WhiteTeam "Osuske II"]
[BlackTeam "Trnava Modranka"]
[WhiteTeamCountry "SVK"]
[BlackTeamCountry "SVK"]

1. e4 e6 2. d4 d5 3. e5 c5 4. c3 Nc6 5. Nf3 Bd7 6. Be2 Nge7 7. Na3 cxd4 8. cxd4 Nf5 9. Nc2 Qb6 10. 0-0 Rc8 11. b3 Nb4 12. Nxb4 Bxb4 13. Bb2 Bb5 14. a3 Bxe2 15. Qxe2 Be7 16. Qd3 0-0 17. Rfc1 Rc6 18. Rxc6 Qxc6 19. Rc1 Qd7 20. Qc3 Rb8 21. g4 Nh4 22. Nxh4 Bxh4 23. f4 Be7 24. a4 f6 25. Kg2 Qc6 26. Qa5 Qa6 27. Qd2 Qb6 28. Qc2 Qc6 1/2-1/2

[Event "SVK-chT2A 0506"]
[Site "Slovakia"]
[Date "2005.11.27"]
[Round "4.8"]
[White "Priam, Stefan"]
[Black "Lukac, Tomas"]
[Result "0-1"]
[WhiteElo "1965"]
[BlackElo "1798"]
[PlyCount "92"]
[EventDate "2005.10.22"]
[EventType "team-tourn"]
[EventRounds "11"]
[EventCountry "SVK"]
[SourceTitle "EXT 2009"]
[Source "ChessBase"]
[SourceDate "2008.11.26"]
[SourceVersion "1"]
[SourceVersionDate "2008.11.26"]
[SourceQuality "1"]

1. d4 Nf6 2. c4 e6 3. Bg5 Be7 4. Nf3 0-0 5. e3 d5 6. Nc3 h6 7. Bh4 b6 8. cxd5 Nxd5 9. Bxe7 Qxe7 10. e4 Nf6 11. Bd3 Rd8 12. Qc2 Na6 13. a3 c5 14. Nb5 Bb7 15. e5 Ne8 16. Qe2 cxd4 17. Nd6 Nc5 18. Nxb7 Nxd3+ 19. Qxd3 Qxb7 20. 0-0 Rd7 21. Rfd1 Rad8 22. Rac1 g6 23. Rc4 Ng7 24. g4 h5 25. h3 hxg4 26. hxg4 Ne8 27. Ng5 Nc7 28. Qh3 Nd5 29. Qh7+ Kf8 30. Qh6+ Kg8 31. Nh7 f5 32. Nf6+ Nxf6 33. exf6 Rh7 34. Qxg6+ Kh8 35. Kf1 Qf3 36. Qxh7+ Kxh7 37. Rcxd4 Rxd4 38. Rxd4 Kg6 39. g5 Kxg5 40. f7 Qh1+ 41. Ke2 Qh5+ 42. f3 Qxf7 43. Ke3 e5 44. Rd3 Qa2 45. Rd2 Qb3+ 46. Kf2 Kf4 0-1